| 000 | 00451nam a22001457a 4500 | ||
|---|---|---|---|
| 003 | MACL | ||
| 005 | 20190501161828.0 | ||
| 008 | 190501b xxu||||| |||| 00| 0 eng d | ||
| 040 | _cMACL | ||
| 100 |
_aनवल,नन्दकिशोर _974669 |
||
| 245 | _aमुक्तिबोध | ||
| 260 |
_aनई दिल्ली _bसाहित्य अकादेमी _c2015 |
||
| 650 |
_aरचनावली _9163 |
||
| 942 |
_2ddc _cHIN |
||
| 999 |
_c59615 _d59615 |
||